Síntesis del derecho civil: sucesión por causa de muerte y donaciones entre vivos

Saved in:
Bibliographic Details
Main Author: Kiverstein Hoijman, Abraham (Author)
Format: Book
Language:Spanish
Published: Santiago La Ley 2000
Edition:4a. ed
Series:Manuales Universitarios, 29
Subjects:
Tags: Add Tag
No Tags, Be the first to tag this record!

MARC

LEADER 00000nam a2200000 a 4500
001 UCO6336
003 CL-VaPUC
008 001020e20000000CL |||||||||||||||||spa|d
020 |a 9567844097 
082 0 4 |a 346.052  |b KIV  |2 21 
100 |a Kiverstein Hoijman, Abraham  |e author  |9 574456 
245 1 0 |a Síntesis del derecho civil: sucesión por causa de muerte y donaciones entre vivos 
250 |a 4a. ed 
300 |a 410 p 
942 |c BK 
945 |d 20001020 00:00:00  |a vberengu 
260 |a Santiago  |b La Ley  |c 2000 
650 0 |a Acervos imaginarios  |9 451047 
650 0 |a Derecho sucesorio  |9 255015 
650 0 |a Donación entre vivos  |9 385867 
650 0 |a Herederos  |9 357054 
650 0 |a Herencia  |9 256325 
650 0 |a Partición de bienes  |9 256640 
650 0 |a Testamento  |9 258220 
583 |a last modification  |c 20140529 02:07:28  |k Rodrigo Vera 
490 0 |a Manuales Universitarios, 29 
999 |c 291948  |d 291946 
952 |0 0  |1 0  |4 0  |6 346_052000000000000_KIV_2000  |7 0  |8 A  |9 342295  |a BIBDER  |b BIBDER  |d 2019-11-20  |i 365429K  |o 346.052 KIV 2000  |p 365429K  |r 2023-01-25  |w 2019-11-20  |y BK  |k DER 
952 |0 0  |1 0  |4 0  |6 346_052000000000000_KIV_2000  |7 0  |8 A  |9 342296  |a BIBDER  |b BIBDER  |d 2019-11-20  |i 4226712  |o 346.052 KIV 2000  |p 4226712  |r 2023-01-25  |w 2019-11-20  |y BK  |k DER